000 01337nam a2200313 a 4500
001 BRCA_2950
005 20190320204037.0
008 161208s1870----gw-#---###---#000-0#ger-u
041 _ager
044 _agw
084 _a294
_b.B53
_c1870
100 1 _aCervantes Saavedra, Miguel de
_d1547-1616
_9213
245 1 0 _aCervantes´ Don Quijote von der Mancha
_cMiguel de Cervantes Saavedra.
260 _aLeipzig : Viena
_bBibliographischen Instituts
_c1870
300 _a2 v.
_c19 cm.
500 _aContenido : v 1. Primera parte. Introducción por Edmund Zoller. Dedicatoria del autor. Prólogo del autor. Versos preliminares. Texto. -- v 2. Segunda parte. Dedicatoria del autor. Prólogo del autor. Texto
500 _aEdición : Aus dem spanischen von Edmund Zoller
500 _aReprodución de la traducción de Zoller, publicada en 1867, por el mismo editor. Tela Lúdovik Osterc
500 _aQM595
546 _aTexto en : alemán
650 1 4 _aNovela española
_yÉpoca clásica, 1500-1700
_9215
650 1 4 _aLiteratura española
_yÉpoca clásica, 1500-1700
_9216
650 1 4 _aNovela española
_ySiglo XVII
_9217
650 1 4 _aDon Quijote (Personaje ficticio)
_eNovela
_9218
700 1 _aZoller, Edmund
_eTraductor
_98203
740 0 _aEl Ingenioso Hidalgo Don Quijote de la Mancha
902 _aQFM
942 _2lcc
_cB
999 _c2689
_d2689